000 00619nam 22002173 4500
001 193602
010 _a972-689-120-5
021 _aPT
_b115983/97
090 _a193602
100 _a20250106d u||y0pory50 ba
200 _aO Baleeiro dos montes
_fRomana Petri
_gtradução Clara Rowland
210 _aLisboa
_cEdições Salamandra
_dD.L.1997
215 _a131 p.
_cbrochado
_d21 cm
225 _aGarajau
_v44
606 _915
_aLiteratura Italiana
675 _a821.131.1-3
_vPT
_zpor
700 _910045
_aPetri
_bRomani
_f1965-
702 _910046
_aRowland
_bClara
801 _aPT
_bBMMN
_gRPC
830 _cAna
_fAna
990 _cLIVROS